Aktualne problemy rachunkovosci finansowej i zarzadczej

Salvato in:
Dettagli Bibliografici
Natura: Libro
Lingua:polacco
Pubblicazione: Poznan Wydawnictwo Akademii Ekonomicznej w Poznaniu 2007
Serie:Zeszyty naukowe 83
Soggetti:
Tags: Aggiungi Tag
Nessun Tag, puoi essere il primo ad aggiungerne!!

MARC

LEADER 00000nam$a2200000$$$4500
001 0060260
005 20240223082700.0
020 |a 978-83-7417-221-9 
022 |a 1641-2168 
041 0 |a pol 
044 |a PL 
245 1 0 |a Aktualne problemy rachunkovosci finansowej i zarzadczej  |c redaktor naukowy: Wiktor Gabrusewicz 
264 1 |a Poznan  |b Wydawnictwo Akademii Ekonomicznej w Poznaniu  |c 2007 
300 |a 259 s. 
490 1 |a Zeszyty naukowe  |v 83 
830 0 |a Zeszyty naukowe  |v 83 
610 2 0 |a účtovníctvo finančné 
610 2 0 |a predpisy 
610 2 0 |a politika medzinárodná 
610 2 0 |a poistenie 
610 2 0 |a harmonizácia 
610 2 0 |a sektor verejný 
610 2 0 |a hospodárstvo svetové 
610 2 0 |a Poľsko